| 000 | 01505nam a2200205Ia 4500 | ||
|---|---|---|---|
| 003 | Ost | ||
| 005 | 20260507075035.0 | ||
| 008 | 260507s9999||||xx |||||||||||||| ||und|| | ||
| 040 | _cfsecg | ||
| 041 | _aara | ||
| 082 | _a330 | ||
| 100 |
_aعبد الحميد، عبد المطلب _eمؤلف |
||
| 245 | 0 |
_aالجات وأليات منظمة التجارة العالمية : _bمن الأورجواي لسياتل وحتى الدوحة / _c عبد المطلب عبد الحميد |
|
| 260 |
_aالإسكندرية: _bالدار الجامعية, _c2002 |
||
| 300 |
_a465 صفحة؛ _bإيضاحات ؛ _c24 سم |
||
| 520 | _aالجات النشأة والأهداف، مبادئ وجولات المفاوضات- أبعاد جولة الأورجواي ونتائجها- اتفاقية تحرير تجارة الخدمات GAT وأثارها- نشأة منظمة التجارة العالمية وهيكلها التنظيمي- أليات منظمة التجارة العالمية- المنازعات التجارية والقضايا المطروحة- ألية التعامل مع قضايا الإغراق- المؤتمرات الوزارية لمنظمة التجارة العالمية ونتائجها- مستقبل منظمة التجارة العالمية- مؤتمر الدوحة والتوجهات المستقبلية لمنظمة التجارة العالمية | ||
| 653 | _aالتجارة الخارجية | ||
| 653 | _aمنظمة التجارة العالمية | ||
| 942 | _cكتاب | ||
| 999 |
_c42446 _d42446 |
||